La pastoral urbana

Saved in:
Bibliographic Details
Main Author: Bravo, Benjamín (Author)
Format: Book
Language:Spanish
Published: Bogotá CELAM 2009
Edition:1a. ed
Series:A la Luz de Aparecida, 10
Subjects:
Tags: Add Tag
No Tags, Be the first to tag this record!

MARC

LEADER 00000cam a2200000 a 4500
001 UCC4350
003 CL-VaPUC
008 180727e20090000ck |||||||||||||||||spa|d
020 |a 9789586256780 
082 0 4 |a 253  |b BRA  |2 21 
100 0 |a Bravo, Benjamín  |e author  |9 598569 
245 1 3 |a La pastoral urbana 
250 |a 1a. ed 
300 |a 74 p 
942 |c BK 
945 |d 20180727 12:54:00  |a dcastane 
260 |a Bogotá  |b CELAM  |c 2009 
650 7 |a PASTORAL  |2 CL-VaPUC  |9 397996 
650 7 |a EVANGELIZACION  |2 CL-VaPUC  |9 598570 
583 |a last modification  |c 20180727 12:54:00  |k Rodrigo Vera 
490 0 |a A la Luz de Aparecida, 10 
999 |c 371902  |d 371900 
952 |0 0  |1 0  |3 erb  |4 0  |6 253_000000000000000_BRA_2009  |7 0  |8 A  |9 489108  |a BIBTEO  |b BIBTEO  |i 5484170  |o 253 BRA 2009  |p 5484170  |r 2025-01-17  |w 2019-11-24  |y BK  |z Catalogado en:20180727  |k ICR